000
00245nam a22001097a 4500
082
_a
843.7
_b
STE
100
_a
Stendhal
245
_a
The Red and the Black /
_c
Stendhal
260
_b
Yilin Press,
300
_a
481 p. ;
_c
23 cm.
942
_2
ddc
_c
BK
999
_c
591696
_d
591696